Los pueblos indígenas de Colombia 1997 : (Registro nro. 6266)
[ vista simple ]
| 000 -LEADER | |
|---|---|
| fixed length control field | 01419nam a2200289Ia 4500 |
| 003 - CONTROL NUMBER IDENTIFIER | |
| control field | OSt |
| 005 - DATE AND TIME OF LATEST TRANSACTION | |
| control field | 20201013233819.0 |
| 008 - FIXED-LENGTH DATA ELEMENTS--GENERAL INFORMATION | |
| fixed length control field | 191128s1998 ck adb gr 000 0dspa d |
| 020 ## - INTERNATIONAL STANDARD BOOK NUMBER | |
| International Standard Book Number | 9586017818 |
| 040 ## - CATALOGING SOURCE | |
| Original cataloging agency | CO-JMCR |
| Transcribing agency | CO-JMCR |
| 041 0# - LANGUAGE CODE | |
| Language code of text/sound track or separate title | spa |
| 082 04 - DEWEY DECIMAL CLASSIFICATION NUMBER | |
| Classification number | 986.1004 / |
| Item number | A662p |
| Edition number | 23 |
| 100 1# - MAIN ENTRY--PERSONAL NAME | |
| Personal name | Arango, Raúl, |
| Relator term | autor |
| 9 (RLIN) | 11470 |
| 245 14 - TITLE STATEMENT | |
| Title | Los pueblos indígenas de Colombia 1997 : |
| Remainder of title | desarrollo y territorio / |
| Statement of responsibility, etc. | Raúl Arango y Enrique Sánchez |
| 250 ## - EDITION STATEMENT | |
| Edition statement | Primera edición |
| 260 ## - PUBLICATION, DISTRIBUTION, ETC. | |
| Place of publication, distribution, etc. | Bogotá : |
| Name of publisher, distributor, etc. | Departamento Nacional de Planeación : TM Editores, |
| Date of publication, distribution, etc. | 1998 |
| 300 ## - PHYSICAL DESCRIPTION | |
| Extent | xvi, 334 páginas, [86] páginas sin numerar : |
| Other physical details | ilustraciones, gráficos y mapas a blanco y negro ; |
| Dimensions | 24 cm. |
| 500 ## - GENERAL NOTE | |
| General note | Incluye datos biográficos de los autores en solapa posterior. |
| 504 ## - BIBLIOGRAPHY, ETC. NOTE | |
| Bibliography, etc. note | Bibliografía: páginas 329-334 |
| 505 0# - FORMATTED CONTENTS NOTE | |
| Formatted contents note | El devenir de los pueblos indigenas -- Las etnias: historia y economía -- Tierras de los pueblos indígenas -- Normatividad sectorial |
| 520 3# - SUMMARY, ETC. | |
| Summary, etc. | La constitución política de 1991 estableció a partir del reconocimiento del carácter pluriétnico de la Nación, el conjunto de derechos que tienen los grupos etnicos-indígenas |
| 650 14 - SUBJECT ADDED ENTRY--TOPICAL TERM | |
| Topical term or geographic name entry element | Indígenas de Colombia |
| General subdivision | historia |
| 9 (RLIN) | 11471 |
| 650 14 - SUBJECT ADDED ENTRY--TOPICAL TERM | |
| Topical term or geographic name entry element | Indígenas de Colombia |
| General subdivision | condiciones económicas |
| 9 (RLIN) | 11472 |
| 650 14 - SUBJECT ADDED ENTRY--TOPICAL TERM | |
| Topical term or geographic name entry element | Indios de Colombia |
| General subdivision | aspectos sociales |
| 9 (RLIN) | 11473 |
| 700 1# - ADDED ENTRY--PERSONAL NAME | |
| Personal name | Sánchez, Enrique, |
| Relator term | autor |
| 9 (RLIN) | 3910 |
| 942 ## - ADDED ENTRY ELEMENTS (KOHA) | |
| Source of classification or shelving scheme | Dewey Decimal Classification |
| Koha item type | Books |
| Withdrawn status | Lost status | Source of classification or shelving scheme | Damaged status | Not for loan | Collection code | Home library | Current library | Date acquired | Source of acquisition | Total Checkouts | Total Renewals | Full call number | Barcode | Date last seen | Date last checked out | Copy number | Koha item type |
|---|---|---|---|---|---|---|---|---|---|---|---|---|---|---|---|---|---|
| Dewey Decimal Classification | Non-fiction | Biblioteca Pública José María del Castillo y Rada | Biblioteca Pública José María del Castillo y Rada | 04/15/2018 | Donación | 3 | 1 | 986.1004 / A662p | 430012291 | 08/22/2025 | 08/21/2025 | Ej.1 | Books |